[Event "AUT-ch U12"]
[Site "St Veit"]
[Date "2016.05.15"]
[Round "4"]
[White "Strobl, Samuel"]
[Black "Fitz, Simon"]
[Result "1-0"]
[WhiteElo "1492"]
[BlackElo "1310"]
[PlyCount "93"]
[EventDate "2016.05.14"]
[EventType "swiss"]
[EventRounds "7"]
[EventCountry "AUT"]
[SourceTitle "CBM 172 Extra"]
[Source "ChessBase"]
[SourceDate "2016.06.21"]
[SourceVersion "1"]
[SourceVersionDate "2016.06.21"]
[SourceQuality "1"]

1. e4 e5 2. Nf3 Nc6 3. Bb5 a6 4. Ba4 Nf6 5. 0-0 b5 6. Bb3 Be7 7. Re1 0-0 8. c3 d6 9. h3 Na5 10. Bc2 c5 11. d4 Nc6 12. d5 Nb8 13. Nbd2 h6 14. Nf1 Re8 15. Ng3 Bf8 16. Bd2 g6 17. Qe2 Bb7 18. a4 Nbd7 19. axb5 axb5 20. Qxb5 Qb6 21. Qxb6 Nxb6 22. Reb1 Nc4 23. Bd3 Rxa1 24. Rxa1 Nxb2 25. Bb5 Ra8 26. Rb1 Ra2 27. Bc1 Na4 28. Bc4 Nxc3 29. Bxa2 Nxa2 30. Bd2 Bc8 31. Rb2 Nb4 32. Bxb4 cxb4 33. Rxb4 Kg7 34. Rb6 Nd7 35. Rc6 Bb7 36. Rc7 Nc5 37. Nd2 Ba6 38. Rc6 Bb5 39. Rb6 Bd3 40. f3 h5 41. Ngf1 Be7 42. Ne3 Bg5 43. Nec4 Bxd2 44. Nxd2 Kf8 45. Rxd6 Nb7 46. Rc6 Na5 47. Rc3 1-0

[Event "AUT-ch U10"]
[Site "Velden"]
[Date "2014.06.20"]
[Round "1"]
[White "Fitz, Simon"]
[Black "Morgunov, Marc"]
[Result "0-1"]
[WhiteElo "1193"]
[BlackElo "1568"]
[PlyCount "56"]
[EventDate "2014.06.20"]
[EventType "swiss"]
[EventRounds "7"]
[EventCountry "AUT"]
[SourceTitle "EXT 2016"]
[Source "ChessBase"]
[SourceDate "2015.10.08"]
[SourceVersion "1"]
[SourceVersionDate "2015.10.08"]
[SourceQuality "1"]

1. e4 d6 2. d4 Nf6 3. Nc3 Nbd7 4. Nf3 e5 5. Bc4 Be7 6. 0-0 0-0 7. a4 a5 8. Re1 c6 9. Qe2 Qc7 10. h3 Re8 11. Be3 Bf8 12. Ng5 Re7 13. Rad1 h6 14. Nf3 exd4 15. Bxd4 Nxe4 16. Nxe4 d5 17. Qd3 dxc4 18. Qxc4 c5 19. Bxc5 Nxc5 20. Nxc5 Qxc5 21. Qxc5 Rxe1+ 22. Rxe1 Bxc5 23. Re8+ Kh7 24. Ne5 b6 25. Nxf7 Bb7 26. Re5 Rf8 27. Rf5 Kg6 28. Re5 Rxf7 0-1

[Event "AUT-ch U10"]
[Site "Velden"]
[Date "2014.06.20"]
[Round "2"]
[White "Wernisch, Eduard"]
[Black "Fitz, Simon"]
[Result "0-1"]
[WhiteElo "1042"]
[BlackElo "1193"]
[PlyCount "86"]
[EventDate "2014.06.20"]
[EventType "swiss"]
[EventRounds "7"]
[EventCountry "AUT"]
[SourceTitle "EXT 2016"]
[Source "ChessBase"]
[SourceDate "2015.10.08"]
[SourceVersion "1"]
[SourceVersionDate "2015.10.08"]
[SourceQuality "1"]

1. e4 e5 2. Nf3 Nc6 3. Bc4 Nf6 4. Ng5 d5 5. exd5 Nxd5 6. Nxf7 Kxf7 7. Qf3+ Ke6 8. Nc3 Qf6 9. Bxd5+ Kd7 10. Qh3+ Kd8 11. Qd3 Bd6 12. Nb5 Be6 13. Nxd6 cxd6 14. Bxe6 Qxe6 15. 0-0 Kc7 16. b3 Rad8 17. Ba3 Kc8 18. c4 d5 19. Rac1 dxc4 20. Qxc4 Qxc4 21. Rxc4 Rxd2 22. g3 Rxa2 23. Bd6 e4 24. Rd1 a6 25. Bf4 Rd8 26. Rxd8+ Kxd8 27. Rxe4 b5 28. Bg5+ Kd7 29. f4 a5 30. Kf1 a4 31. bxa4 bxa4 32. Ke1 a3 33. Re3 Nb4 34. Rb3 Nc2+ 35. Kf1 Rb2 36. Rd3+ Ke6 37. f5+ Kxf5 38. Bc1 Rb1 39. Rf3+ Ke4 40. Rf4+ Kd3 41. Rf3+ Kc4 42. Rf4+ Nd4 43. Ke1 Rxc1+ 0-1